| 000 | 01502pam a2200349 a 4500 | ||
|---|---|---|---|
| 001 | 3414947 | ||
| 003 | OSt | ||
| 005 | 20110721122439.0 | ||
| 008 | 901018s1991 cau b 001 0 eng | ||
| 010 | _a 90021366 | ||
| 020 | _a0803940262 | ||
| 020 | _a0803940270 | ||
| 040 |
_aDLC _cDLC _dDLC |
||
| 043 | _an-us--- | ||
| 050 | 0 | 0 |
_aHV6658 _b.C77 1991 |
| 082 | 0 | 0 |
_a364.162 CRO _220 |
| 100 | 1 |
_aCromwell, Paul F. _92020 |
|
| 245 | 1 | 0 |
_aBreaking and entering : _ban ethnographic analysis of burglary / _cby Paul F. Cromwell, James N. Olson, and D'Aunn Wester Avary. |
| 260 |
_aNewbury Park, Calif. : _bSage Publications, _cc1991. |
||
| 300 |
_a130 p. ; _c23 cm. |
||
| 440 | 0 |
_aStudies in crime, law, and justice ; _vv. 8 _92021 |
|
| 504 | _aIncludes bibliographical references (p. 121-124) and indexes. | ||
| 650 | 0 |
_aBurglary _zUnited States. _92022 |
|
| 700 | 1 |
_aOlson, James N. _92023 |
|
| 700 | 1 |
_aAvary, D'Aunn Wester. _92024 |
|
| 856 | 4 | 2 |
_3Publisher description _uhttp://www.loc.gov/catdir/enhancements/fy0655/90021366-d.html |
| 856 | 4 | 1 |
_3Table of contents only _uhttp://www.loc.gov/catdir/enhancements/fy0655/90021366-t.html |
| 906 |
_a7 _bcbc _corignew _d1 _eocip _f19 _gy-gencatlg |
||
| 942 |
_2ddc _cBK |
||
| 999 |
_c738 _d738 |
||